The matters of the heart

Guardat en:
Dades bibliogràfiques
Format: Llibre
Etiquetes: Afegir etiqueta
Sense etiquetes, Sigues el primer a etiquetar aquest registre!
Thư viện lưu trữ: Mạng thư viện Đại học Đà Nẵng
LEADER 00414nam a22001691a 4500
001 000040596
003 16891
005 20160412023240.0
008 160412s0 000
082 |a A23131 
245 |a The matters of the heart  |c Charlotte Val Allen 
OWN |a LNN 
999 |a From the UDN01 
TYP |a Monograph 
980 |a Mạng thư viện Đại học Đà Nẵng